[Event "26th WSCC 2016 Women 65+"]
[Site "Marianske Lazne, Czech Republic - Hotel Cristal"]
[Date "2016.11.19"]
[Round "1.2"]
[White "Florea, Dorina"]
[Black "Fatalibekova, Elena"]
[Result "0-1"]
[WhiteElo "1769"]
[BlackElo "2269"]
[PlyCount "50"]
[EventDate "2016.11.19"]

1. e4 c5 2. Nf3 Nc6 3. d4 cxd4 4. Nxd4 g6 5. Nxc6 bxc6 6. c4 Bg7 7. Qc2 Nf6 8.
Nc3 O-O 9. Be2 d6 10. O-O a5 11. h3 Rb8 12. Rb1 Qc7 13. Be3 d5 14. Bd3 dxe4 15.
Nxe4 Nxe4 16. Bxe4 f5 17. Bf3 f4 18. Bd2 e5 19. Bc3 Bf5 20. Be4 f3 21. Bxf5
Rxf5 22. g4 Qe7 23. Bd2 Qh4 24. Kh2 e4 25. gxf5 Be5+ 0-1

[Event "26th WSCC 2016 Women 65+"]
[Site "Marianske Lazne, Czech Republic - Hotel Cristal"]
[Date "2016.11.19"]
[Round "1.3"]
[White "Tsifanskaya, Ludmila A"]
[Black "Ristoja, Aulikki"]
[Result "1-0"]
[WhiteElo "2104"]
[BlackElo "1670"]
[PlyCount "65"]
[EventDate "2016.11.19"]

1. Nf3 d5 2. g3 c5 3. Bg2 Nc6 4. O-O e5 5. d3 Nge7 6. Na3 f6 7. c4 d4 8. Nc2
Ng6 9. Bd2 Be6 10. Rb1 a5 11. Na3 Bd6 12. Nb5 O-O 13. h4 f5 14. Ng5 Bf7 15.
Nxf7 Kxf7 16. Nxd6+ Qxd6 17. h5 Nge7 18. f4 exf4 19. Bxf4 Qd7 20. Qa4 g6 21.
Qb5 Rfc8 22. Qxc5 Nb4 23. Qd6 Qxd6 24. Bxd6 Nbc6 25. hxg6+ Kxg6 26. Bxe7 Nxe7
27. Bxb7 Nc6 28. Bxa8 Rxa8 29. Rf4 Re8 30. Kf2 Rd8 31. g4 fxg4 32. Rxg4+ Kf6
33. Rh1 1-0

[Event "26th WSCC 2016 Women 65+"]
[Site "Marianske Lazne, Czech Republic - Hotel Cristal"]
[Date "2016.11.19"]
[Round "1.4"]
[White "Benova, Zita"]
[Black "Sorokina, Tamara"]
[Result "0-1"]
[WhiteElo "1632"]
[BlackElo "2080"]
[PlyCount "110"]
[EventDate "2016.11.19"]

1. e4 c5 2. Nf3 a6 3. c3 d5 4. exd5 Qxd5 5. d3 Nc6 6. Qb3 Qxb3 7. axb3 Bg4 8.
Be2 e6 9. Nbd2 Nf6 10. Nc4 Be7 11. Nfe5 Nxe5 12. Nxe5 Bxe2 13. Kxe2 Nd5 14. g3
f6 15. Nf3 Kf7 16. Be3 h5 17. h4 Rhe8 18. Rhd1 e5 19. Ra4 Bd6 20. Bd2 Nb6 21.
Raa1 Nd7 22. Kf1 Nb8 23. Be3 Nc6 24. Bd2 Rad8 25. Be3 Bf8 26. Ne1 Rd7 27. Ra4
f5 28. Bg5 Re6 29. Raa1 Red6 30. Ke2 Re6 31. f3 Be7 32. Bxe7 Rdxe7 33. Kf2 e4
34. dxe4 fxe4 35. f4 e3+ 36. Ke2 Rg6 37. Kf3 Rf6 38. Ke2 Rg6 39. Kf3 e2 40. Rd2
Rge6 41. Rd5 b6 42. Rxh5 Na5 43. Ra3 c4 44. b4 Nb3 45. Rf5+ Kg6 46. Rg5+ Kh6
47. Rxa6 Nc1 48. Ra8 g6 49. Kg4 Nd3 50. h5 Nxe1 51. hxg6 Rxg6 52. Rh8+ Kg7 53.
Rxg6+ Kxg6 54. f5+ Kg7 55. Rh6 Kxh6 0-1

[Event "26th WSCC 2016 Women 65+"]
[Site "Marianske Lazne, Czech Republic - Hotel Cristal"]
[Date "2016.11.19"]
[Round "1.5"]
[White "Kuznetsova, Luba"]
[Black "Hrivnakova, Anna"]
[Result "1-0"]
[WhiteElo "2021"]
[BlackElo "1555"]
[PlyCount "61"]
[EventDate "2016.11.19"]

1. c4 Nf6 2. Nf3 g6 3. Nc3 Bg7 4. g3 O-O 5. Bg2 c6 6. O-O d6 7. d4 Bf5 8. Nh4
Qc8 9. Nxf5 Qxf5 10. e4 Qd7 11. h3 a6 12. Be3 Qc7 13. Qd2 Nbd7 14. Rac1 Rad8
15. b3 Ne8 16. Bh6 e5 17. Bxg7 Nxg7 18. Kh2 f5 19. Ne2 fxe4 20. Bxe4 Nf6 21.
Bg2 Nf5 22. f4 exd4 23. Nxd4 Nxd4 24. Qxd4 c5 25. Qd3 Qg7 26. Rce1 Kh8 27. Re6
Ne8 28. Rfe1 Qc7 29. Qc3+ Ng7 30. Re7 Rd7 31. Qxg7# 1-0

[Event "26th WSCC 2016 Women 65+"]
[Site "Marianske Lazne, Czech Republic - Hotel Cristal"]
[Date "2016.11.19"]
[Round "1.6"]
[White "Urbanaites, Elvira"]
[Black "Khmiadashvili, Tamar"]
[Result "0-1"]
[WhiteElo "1501"]
[BlackElo "1971"]
[PlyCount "44"]
[EventDate "2016.11.19"]

1. e4 e5 2. d4 d6 3. dxe5 dxe5 4. Qxd8+ Kxd8 5. Nf3 f6 6. Bc4 c6 7. O-O Kc7 8.
Be3 Nd7 9. Nbd2 Ne7 10. a3 g5 11. h3 Ng6 12. Be6 Be7 13. Nh2 h5 14. Rad1 b6 15.
f3 Nf4 16. Bxd7 Bxd7 17. Rf2 Be6 18. Nhf1 Rad8 19. Kh2 g4 20. Ng3 h4 21. hxg4
hxg3+ 22. Kxg3 f5 0-1

[Event "26th WSCC 2016 Women 65+"]
[Site "Marianske Lazne, Czech Republic - Hotel Cristal"]
[Date "2016.11.19"]
[Round "1.7"]
[White "Pribylova, Ruzena"]
[Black "Katusak-Huzsvar, Rezsone"]
[Result "1-0"]
[WhiteElo "1911"]
[BlackElo "1372"]
[PlyCount "121"]
[EventDate "2016.11.19"]

1. e4 e5 2. Nf3 Nc6 3. d4 exd4 4. Nxd4 Qf6 5. Be3 Bc5 6. c3 Nge7 7. a4 a6 8. f4
d6 9. Be2 g6 10. O-O h5 11. Na3 d5 12. e5 Qg7 13. Nac2 Be6 14. Kh1 Ba7 15. Qd2
Na5 16. b4 Bxd4 17. Nxd4 Nc4 18. Nxe6 fxe6 19. Bxc4 dxc4 20. Qe2 Nd5 21. Bd4
O-O 22. g3 b5 23. Ra3 c6 24. Rfa1 Qb7 25. axb5 cxb5 26. Kg1 Rfd8 27. Bc5 Kh7
28. Kf2 Rd7 29. Qa2 Rad8 30. Bd6 Qb6+ 31. Bc5 Qb7 32. Bd4 Rf8 33. Rxa6 Nxb4 34.
cxb4 Qe4 35. Be3 g5 36. Qe2 Qg6 37. Ra7 Rfd8 38. Rxd7+ Rxd7 39. Ra7 Rxa7 40.
Bxa7 gxf4 41. gxf4 Qf5 42. Be3 Kg6 43. Qd2 Qh3 44. Kg1 Qg4+ 45. Qg2 Kf5 46.
Qxg4+ hxg4 47. Kf2 Ke4 48. Ke2 c3 49. Bc1 Kd4 50. Kf2 Kc4 51. f5 Kxb4 52. fxe6
Kb3 53. e7 Kc2 54. Bg5 b4 55. e8=Q b3 56. Qa4 Kb2 57. Qxg4 c2 58. Qd4+ Kb1 59.
Qc3 b2 60. Qxb2+ Kxb2 61. e6 1-0

[Event "26th WSCC 2016 Women 65+"]
[Site "Marianske Lazne, Czech Republic - Hotel Cristal"]
[Date "2016.11.20"]
[Round "2.2"]
[White "Fatalibekova, Elena"]
[Black "Kuznetsova, Luba"]
[Result "1-0"]
[WhiteElo "2269"]
[BlackElo "2021"]
[PlyCount "65"]
[EventDate "2016.11.19"]

1. e4 b6 2. d4 Bb7 3. Nc3 g6 4. f4 Bg7 5. Nf3 e6 6. Bd3 Ne7 7. O-O O-O 8. Be3
d6 9. Qd2 Nd7 10. Rad1 Nf6 11. e5 Ng4 12. Ng5 Nxe3 13. Qxe3 d5 14. g4 h6 15.
Nf3 Qc8 16. Nh4 c5 17. Nb5 cxd4 18. Nxd4 Nc6 19. c3 Nxd4 20. cxd4 Qd8 21. Ng2
Rc8 22. f5 gxf5 23. gxf5 exf5 24. Bxf5 Rc7 25. Bb1 Qg5 26. Qd3 Re8 27. Rf5 Qg6
28. Qf3 Rec8 29. Rf6 Qg5 30. h4 Qc1 31. Rxc1 Rxc1+ 32. Kh2 Rxb1 33. Rxf7 1-0

[Event "26th WSCC 2016 Women 65+"]
[Site "Marianske Lazne, Czech Republic - Hotel Cristal"]
[Date "2016.11.20"]
[Round "2.4"]
[White "Sorokina, Tamara"]
[Black "Pribylova, Ruzena"]
[Result "1-0"]
[WhiteElo "2080"]
[BlackElo "1911"]
[PlyCount "83"]
[EventDate "2016.11.19"]

1. d4 Nf6 2. Nf3 e6 3. c4 c5 4. e3 cxd4 5. exd4 Bb4+ 6. Bd2 Bxd2+ 7. Nbxd2 d5
8. c5 Nc6 9. Bd3 Qc7 10. O-O O-O 11. Re1 Re8 12. Nf1 e5 13. dxe5 Nxe5 14. Nxe5
Rxe5 15. Rxe5 Qxe5 16. Qd2 Bf5 17. Bxf5 Qxf5 18. Ng3 Qd7 19. Qd4 Re8 20. Rd1
Qe6 21. h3 Qe5 22. Qxe5 Rxe5 23. f3 Kf8 24. Kf2 g6 25. b4 Ke7 26. Ne2 Kd7 27.
Nd4 a6 28. a4 Kc7 29. b5 axb5 30. axb5 Nd7 31. Rc1 f5 32. b6+ Kc8 33. Ra1 Re7
34. Ra8+ Nb8 35. Nb5 Kd7 36. Rxb8 Kc6 37. Nd6 Kxc5 38. Rxb7 Re5 39. Nc8 d4 40.
Rc7+ Kb4 41. Nd6 d3 42. b7 1-0

[Event "26th WSCC 2016 Women 65+"]
[Site "Marianske Lazne, Czech Republic - Hotel Cristal"]
[Date "2016.11.20"]
[Round "2.5"]
[White "O`Neill, Julie Anne"]
[Black "Kabanova, Irina"]
[Result "1/2-1/2"]
[WhiteElo "1774"]
[BlackElo "1834"]
[PlyCount "72"]
[EventDate "2016.11.19"]

1. e4 c5 2. Nc3 Nc6 3. f4 e6 4. Nf3 d6 5. Bc4 a6 6. a3 Nf6 7. d3 Be7 8. O-O O-O
9. Qe1 d5 10. Ba2 d4 11. Ne2 b5 12. h3 Bb7 13. Ng3 h6 14. f5 e5 15. Nh4 Kh7 16.
Nf3 Bd6 17. Qe2 Qc7 18. Nh2 Qd8 19. Ng4 Be7 20. Nxf6+ Bxf6 21. Nh5 Qe7 22. Qg4
Rac8 23. Rf3 Rg8 24. Bd2 Rcd8 25. Raf1 Rde8 26. Rg3 Nd8 27. Qf3 Nc6 28. Nxg7
Rxg7 29. Rxg7+ Kxg7 30. Qh5 Rh8 31. Rf3 Kf8 32. Rg3 Ke8 33. Bxh6 Nd8 34. Rg4
Kd7 35. Rg3 a5 36. Kh2 Ke8 1/2-1/2

[Event "26th WSCC 2016 Women 65+"]
[Site "Marianske Lazne, Czech Republic - Hotel Cristal"]
[Date "2016.11.20"]
[Round "2.6"]
[White "Ristoja, Aulikki"]
[Black "Urbanaites, Elvira"]
[Result "1-0"]
[WhiteElo "1670"]
[BlackElo "1501"]
[PlyCount "109"]
[EventDate "2016.11.19"]

1. d4 e5 2. dxe5 Nc6 3. Nf3 Qe7 4. Bg5 Qb4+ 5. Nbd2 Qxb2 6. Rb1 Qxa2 7. e3 Bb4
8. Bb5 Bxd2+ 9. Nxd2 Nxe5 10. Bf4 Qe6 11. Rb4 c6 12. Bxe5 Qg6 13. Rg4 Qe6 14.
Bxg7 d5 15. Be2 Nf6 16. Bxh8 Nxg4 17. h3 Nh6 18. Bg4 f5 19. Bh5+ Ke7 20. Qa1
Bd7 21. Bd4 Nf7 22. Bc5+ Kd8 23. Nf3 Nd6 24. Qh8+ Ne8 25. Qxh7 b6 26. Ba3 Qf6
27. O-O c5 28. Rd1 Qd6 29. Bxe8 Bxe8 30. Qxf5 Bc6 31. Qg5+ Kc7 32. Bb2 Kb7 33.
Ne5 Ba4 34. Nf7 Qd7 35. Qxd5+ Qxd5 36. Rxd5 Bxc2 37. Rd8 Rxd8 38. Nxd8+ Kc7 39.
Nf7 Kd7 40. f4 Ke7 41. Ne5 a6 42. g4 b5 43. Kf2 Be4 44. h4 c4 45. Bc3 Ke6 46.
f5+ Kd5 47. Nf3 Kc5 48. Ne5 Kd5 49. Nd7 Kd6 50. Nf6 Bc6 51. h5 Kc5 52. h6 b4
53. Bd4+ Kd6 54. h7 c3 55. h8=Q 1-0

[Event "26th WSCC 2016 Women 65+"]
[Site "Marianske Lazne, Czech Republic - Hotel Cristal"]
[Date "2016.11.20"]
[Round "2.9"]
[White "Katusak-Huzsvar, Rezsone"]
[Black "Florea, Dorina"]
[Result "0-1"]
[WhiteElo "1372"]
[BlackElo "1769"]
[PlyCount "143"]
[EventDate "2016.11.19"]

1. e4 c5 2. Nf3 d6 3. c3 Nf6 4. d4 Nxe4 5. Bd3 Nf6 6. dxc5 dxc5 7. O-O e6 8.
Na3 Be7 9. Nc4 O-O 10. Qc2 h6 11. Be3 Nc6 12. h3 Bd7 13. Bf4 b5 14. Ne3 c4 15.
Be2 Bc5 16. b3 cxb3 17. axb3 a6 18. Rfd1 Qb6 19. Qc1 Rfd8 20. b4 Be7 21. Nc2
Be8 22. Be3 Qb7 23. Qa3 Nd5 24. Bd4 a5 25. Qb2 axb4 26. cxb4 Nxd4 27. Nfxd4 Bf6
28. Rxa8 Rxa8 29. Qb3 Rc8 30. Bf3 Bxd4 31. Nxd4 Rc4 32. Qb2 Qd7 33. Nc2 Qc7 34.
Rd2 Bc6 35. Be2 Rc3 36. Nd4 Be8 37. Rd1 Qc8 38. Bxb5 Bxb5 39. Nxb5 Rc2 40. Qd4
Rc4 41. Qa7 Rxb4 42. Nd6 Qc7 43. Qa8+ Rb8 44. Qa3 Qe7 45. Rc1 Rd8 46. Rc6 Qd7
47. Qc5 Ne7 48. Ra6 Nc8 49. Ne4 Ne7 50. Ra7 Qd1+ 51. Kh2 Ng6 52. Rc7 Qd5 53.
Qc2 Qe5+ 54. Ng3 Nf4 55. Kg1 Nd5 56. Rc4 Nf6 57. Rc5 Qd6 58. Nf1 Qd3 59. Qa4
Ne4 60. Rc4 Nf6 61. Ne3 Qb1+ 62. Kh2 Qb8+ 63. g3 Rd2 64. Rc2 Rxc2 65. Qxc2 Qd8
66. g4 Qd4 67. Qc8+ Kh7 68. Qc2+ g6 69. h4 Nxg4+ 70. Nxg4 Qxg4 71. h5 Qxh5+ 72.
Kg1 0-1

[Event "26th WSCC 2016 Women 65+"]
[Site "Marianske Lazne, Czech Republic - Hotel Cristal"]
[Date "2016.11.21"]
[Round "3.1"]
[White "Sorokina, Tamara"]
[Black "Fatalibekova, Elena"]
[Result "1/2-1/2"]
[WhiteElo "2080"]
[BlackElo "2269"]
[PlyCount "27"]
[EventDate "2016.11.19"]

1. Nf3 d5 2. d4 c5 3. e3 Nc6 4. c3 e6 5. Bd3 Nf6 6. Nbd2 Qc7 7. O-O cxd4 8.
exd4 Bd6 9. Re1 O-O 10. Nf1 h6 11. Qe2 a6 12. Ne5 b5 13. a3 Bb7 14. Bf4 1/2-1/2

[Event "26th WSCC 2016 Women 65+"]
[Site "Marianske Lazne, Czech Republic - Hotel Cristal"]
[Date "2016.11.21"]
[Round "3.3"]
[White "Kabanova, Irina"]
[Black "Khmiadashvili, Tamar"]
[Result "0-1"]
[WhiteElo "1834"]
[BlackElo "1971"]
[PlyCount "76"]
[EventDate "2016.11.19"]

1. e4 d5 2. exd5 Qxd5 3. d4 c6 4. Be3 Nf6 5. h3 e6 6. Nc3 Qa5 7. Nf3 Nbd7 8.
Bd3 Bd6 9. O-O Qc7 10. Qd2 Nb6 11. Rfe1 Nbd5 12. Nxd5 Nxd5 13. Be4 Nxe3 14.
Qxe3 Bf4 15. Qe2 Bd7 16. Ne5 Bxe5 17. dxe5 O-O-O 18. Bf3 c5 19. c4 Bc6 20. Bxc6
Qxc6 21. Red1 f5 22. f3 Rd4 23. Rxd4 cxd4 24. Qd3 Rd8 25. b4 g5 26. Re1 a5 27.
a3 h5 28. Rc1 axb4 29. axb4 Qc7 30. Re1 Qb6 31. Rb1 Qa6 32. Kh1 Qa2 33. c5 g4
34. fxg4 hxg4 35. Rd1 gxh3 36. gxh3 Qd5+ 37. Kh2 Qxe5+ 38. Qg3 Qe2+ 0-1

[Event "26th WSCC 2016 Women 65+"]
[Site "Marianske Lazne, Czech Republic - Hotel Cristal"]
[Date "2016.11.21"]
[Round "3.4"]
[White "Tsifanskaya, Ludmila A"]
[Black "Hrivnakova, Anna"]
[Result "1-0"]
[WhiteElo "2104"]
[BlackElo "1555"]
[PlyCount "59"]
[EventDate "2016.11.19"]

1. e4 c5 2. Nf3 d6 3. d4 cxd4 4. Nxd4 Nf6 5. Nc3 a6 6. f4 Nbd7 7. Bd3 e6 8. Nf3
Be7 9. O-O O-O 10. Qe1 Qc7 11. Kh1 Nc5 12. Qg3 Nxd3 13. cxd3 Nh5 14. Qf2 f5 15.
exf5 exf5 16. Nd5 Qd8 17. Nxe7+ Qxe7 18. Be3 Bd7 19. Rae1 Rac8 20. Bd4 Qf7 21.
Bc3 Nxf4 22. Qd4 Nh5 23. Qxd6 Rc6 24. Qd4 Rh6 25. Ne5 Ng3+ 26. Kg1 Qh5 27. Nf3
Qg4 28. hxg3 Qxg3 29. Qxd7 Rd6 30. Qc7 1-0

[Event "26th WSCC 2016 Women 65+"]
[Site "Marianske Lazne, Czech Republic - Hotel Cristal"]
[Date "2016.11.21"]
[Round "3.7"]
[White "Benova, Zita"]
[Black "Katusak-Huzsvar, Rezsone"]
[Result "0-1"]
[WhiteElo "1632"]
[BlackElo "1372"]
[PlyCount "110"]
[EventDate "2016.11.19"]

1. e4 e5 2. Nf3 Nc6 3. c3 d6 4. d3 Be7 5. h3 Bd7 6. Be3 h6 7. Nbd2 Nf6 8. Be2
O-O 9. Nh2 d5 10. O-O d4 11. cxd4 Nxd4 12. Bxd4 exd4 13. f4 c5 14. Rc1 Bc6 15.
a3 Qb8 16. Nc4 Nd7 17. Ng4 Bd6 18. Qd2 f5 19. exf5 Rxf5 20. g3 b6 21. Bf3 Bxf3
22. Rxf3 Bc7 23. Qe2 Qe8 24. Re1 Qxe2 25. Rxe2 h5 26. Nf2 b5 27. Nd2 Kf8 28. h4
Nf6 29. Kf1 Nd5 30. Nd1 Rf6 31. Ne4 Rc6 32. Rc2 Bb6 33. Rff2 Rac8 34. f5 Kg8
35. Ng5 c4 36. Rf3 cxd3 37. Rxc6 Rxc6 38. Rxd3 Rc1 39. Ke2 Rc2+ 40. Rd2 Rxd2+
41. Kxd2 Ne3 42. Nxe3 dxe3+ 43. Kd3 Kf8 44. Nf3 Ke7 45. Ke4 Kf6 46. Ng1 Bc7 47.
Ne2 Bb6 48. Nc3 Kf7 49. Kf3 Bd4 50. Nxb5 Bxb2 51. Kxe3 Kf6 52. a4 a6 53. Nc7 a5
54. Ne8+ Kxf5 55. Nxg7+ Bxg7 0-1

[Event "26th WSCC 2016 Women 65+"]
[Site "Marianske Lazne, Czech Republic - Hotel Cristal"]
[Date "2016.11.21"]
[Round "3.9"]
[White "Florea, Dorina"]
[Black "O`Neill, Julie Anne"]
[Result "1-0"]
[WhiteElo "1769"]
[BlackElo "1774"]
[PlyCount "167"]
[EventDate "2016.11.19"]

1. e4 g6 2. d4 Bg7 3. c4 d6 4. Nf3 Nd7 5. Nc3 a6 6. Be2 b6 7. O-O Bb7 8. h3 h6
9. Be3 e6 10. Qd2 Ne7 11. Rad1 g5 12. Qc2 O-O 13. Rfe1 f5 14. d5 e5 15. Bd3 f4
16. Bc1 Qe8 17. b4 Bc8 18. Be2 Nf6 19. Qd3 Nh7 20. Nh2 h5 21. Bd2 Nf6 22. f3
Qg6 23. Rf1 Kf7 24. Be1 Rh8 25. a4 g4 26. fxg4 hxg4 27. Nxg4 Bxg4 28. Bxg4 Nxg4
29. hxg4 Qxg4 30. Qf3 Qxf3 31. gxf3 Rag8 32. Rd2 Bf6+ 33. Rg2 Ng6 34. Rg4 Bh4
35. Bf2 Bxf2+ 36. Rxf2 Nh4 37. Rxg8 Rxg8+ 38. Kf1 Rg3 39. Ke2 Ng2 40. Nd1 Kg6
41. Kf1 Nh4 42. Ke2 Kg5 43. Nc3 Ng2 44. Nd1 Kh4 45. Rf1 Rh3 46. Nf2 Rh2 47. Ng4
Rh3 48. Nf2 Rg3 49. Rh1+ Kg5 50. Nh3+ Kg6 51. Rg1 Kf6 52. Kf2 Rxh3 53. Rxg2 Ke7
54. Rg7+ Kd8 55. Rg8+ Kd7 56. Rg7+ Kc8 57. b5 axb5 58. axb5 Kb7 59. Rg1 Rh2+
60. Rg2 Rh8 61. Kg1 Ra8 62. Rc2 Ra3 63. Kg2 Ra8 64. Rc3 Ra2+ 65. Kh3 Re2 66.
Kg4 Re3 67. Rxe3 fxe3 68. Kg3 Kc8 69. Kg2 Kd7 70. Kf1 Ke7 71. Ke2 Kf6 72. Kxe3
Kg5 73. Ke2 Kf4 74. Kf2 Kg5 75. Kg3 Kh5 76. f4 exf4+ 77. Kxf4 Kg6 78. e5 Kf7
79. e6+ Ke7 80. Kf5 Ke8 81. Kf6 Kd8 82. e7+ Ke8 83. Ke6 c6 84. Kxd6 1-0

[Event "26th WSCC 2016 Women 65+"]
[Site "Marianske Lazne, Czech Republic - Hotel Cristal"]
[Date "2016.11.23"]
[Round "4.2"]
[White "Khmiadashvili, Tamar"]
[Black "Tsifanskaya, Ludmila A"]
[Result "1-0"]
[WhiteElo "1971"]
[BlackElo "2104"]
[PlyCount "81"]
[EventDate "2016.11.19"]

1. d4 Nf6 2. Nc3 d5 3. Bf4 e6 4. e3 Be7 5. Bd3 O-O 6. Nf3 c5 7. O-O a6 8. a4
Nc6 9. Ne5 Nb4 10. Be2 Ne8 11. dxc5 Bxc5 12. Nd3 Nxd3 13. Bxd3 Bd6 14. Qh5 Nf6
15. Qd1 Bxf4 16. exf4 b6 17. Qf3 Bb7 18. Ne2 Ne4 19. Nd4 g6 20. Qe3 Qf6 21. c3
Rfe8 22. Nf3 Nc5 23. Be2 Rad8 24. a5 Nd7 25. axb6 e5 26. fxe5 Qxb6 27. Qxb6
Nxb6 28. Rfe1 Ra8 29. Ra5 Nc4 30. Bxc4 dxc4 31. Nd4 Rac8 32. f4 Re7 33. Kf2
Rec7 34. g4 Rc5 35. Rxc5 Rxc5 36. f5 Rc8 37. Kg3 Bd5 38. Kf4 Rb8 39. Re2 h6 40.
h4 Rb6 41. e6 1-0

[Event "26th WSCC 2016 Women 65+"]
[Site "Marianske Lazne, Czech Republic - Hotel Cristal"]
[Date "2016.11.23"]
[Round "4.3"]
[White "Modrova, Hana"]
[Black "Pribylova, Ruzena"]
[Result "1/2-1/2"]
[WhiteElo "1842"]
[BlackElo "1911"]
[PlyCount "29"]
[EventDate "2016.11.19"]

1. d4 Nf6 2. Nf3 g6 3. c3 Bg7 4. Bg5 d5 5. Nbd2 Bf5 6. Qb3 b6 7. h3 Nbd7 8. g4
Be6 9. Bg2 Ne4 10. Qc2 Ndf6 11. Bf4 c5 12. Be5 O-O 13. g5 Nxd2 14. Nxd2 Nd7 15.
Bxg7 1/2-1/2

[Event "26th WSCC 2016 Women 65+"]
[Site "Marianske Lazne, Czech Republic - Hotel Cristal"]
[Date "2016.11.23"]
[Round "4.4"]
[White "Ristoja, Aulikki"]
[Black "Kabanova, Irina"]
[Result "1-0"]
[WhiteElo "1670"]
[BlackElo "1834"]
[PlyCount "97"]
[EventDate "2016.11.19"]

1. d4 Nf6 2. c4 e6 3. Nf3 Bb4+ 4. Bd2 Be7 5. Nc3 d5 6. Bf4 O-O 7. e3 c6 8. c5
b6 9. b4 a5 10. a3 b5 11. Ne5 Bb7 12. Bd3 Nbd7 13. O-O axb4 14. axb4 Rxa1 15.
Qxa1 Nh5 16. Qb1 h6 17. Qd1 Nxf4 18. exf4 Nf6 19. f5 exf5 20. Bxf5 Qc7 21. Re1
Re8 22. h3 Bc8 23. Bc2 Be6 24. Qd3 Ra8 25. f4 Bd8 26. g4 Kf8 27. g5 hxg5 28.
fxg5 Ng8 29. Qf3 Bxg5 30. Ng6+ Ke8 31. Rxe6+ fxe6 32. Qf8+ Kd7 33. Qxg7+ Be7
34. Ne5+ Kc8 35. Qxg8+ Kb7 36. Qxe6 Rf8 37. Nxb5 cxb5 38. Qxd5+ Kb8 39. Nd7+
Kc8 40. Nxf8 Qg3+ 41. Qg2 Qe3+ 42. Qf2 Qc1+ 43. Kh2 Bg5 44. Qf5+ Kb8 45. Qe5+
Kc8 46. Bf5+ Kb7 47. Be4+ Kc8 48. Qe8+ Kc7 49. Ne6# 1-0

[Event "26th WSCC 2016 Women 65+"]
[Site "Marianske Lazne, Czech Republic - Hotel Cristal"]
[Date "2016.11.23"]
[Round "4.5"]
[White "Katusak-Huzsvar, Rezsone"]
[Black "Kuznetsova, Luba"]
[Result "0-1"]
[WhiteElo "1372"]
[BlackElo "2021"]
[PlyCount "44"]
[EventDate "2016.11.19"]

1. e4 c5 2. Nf3 a6 3. c3 d5 4. exd5 Qxd5 5. h3 e5 6. b3 Nc6 7. d3 Be7 8. Be2
Nf6 9. O-O O-O 10. Bb2 Bf5 11. Nh4 Be6 12. Nf3 Rad8 13. Qc2 h6 14. Rd1 Bf5 15.
Ne1 Qe6 16. Kh2 Bd6 17. h4 Rfe8 18. Na3 e4+ 19. g3 Ne5 20. f3 exf3 21. Nxf3
Neg4+ 22. Kg1 Qe3+ 0-1

[Event "26th WSCC 2016 Women 65+"]
[Site "Marianske Lazne, Czech Republic - Hotel Cristal"]
[Date "2016.11.23"]
[Round "4.7"]
[White "O`Neill, Julie Anne"]
[Black "Urbanaites, Elvira"]
[Result "1/2-1/2"]
[WhiteElo "1774"]
[BlackElo "1501"]
[PlyCount "60"]
[EventDate "2016.11.19"]

1. Nf3 d5 2. g3 Nf6 3. Bg2 c6 4. d3 Bg4 5. Nbd2 e6 6. O-O Bd6 7. c4 O-O 8. a3
Nbd7 9. b4 Rc8 10. c5 Bb8 11. Bb2 e5 12. d4 Bxf3 13. Nxf3 e4 14. Ne5 Re8 15. f4
exf3 16. Nxf3 Qe7 17. Re1 Qe3+ 18. Kh1 Ng4 19. Rf1 Nf2+ 20. Rxf2 Qxf2 21. Bf1
Qe3 22. Ra2 Nf6 23. Bc1 Qe4 24. Bg2 Qe7 25. Bh3 Rcd8 26. Qf1 Ne4 27. Rc2 Bxg3
28. Qg2 Nf2+ 29. Kg1 Nxh3+ 30. Qxh3 Bc7 1/2-1/2

[Event "26th WSCC 2016 Women 65+"]
[Site "Marianske Lazne, Czech Republic - Hotel Cristal"]
[Date "2016.11.23"]
[Round "4.9"]
[White "Florea, Dorina"]
[Black "Sorokina, Tamara"]
[Result "0-1"]
[WhiteElo "1769"]
[BlackElo "2080"]
[PlyCount "114"]
[EventDate "2016.11.19"]

1. e4 c5 2. Nf3 e6 3. d4 cxd4 4. Nxd4 a6 5. c4 Nf6 6. Bd3 Nc6 7. Nxc6 bxc6 8.
O-O d6 9. Nc3 Be7 10. Be3 e5 11. h3 O-O 12. Rb1 h6 13. f4 Nh7 14. fxe5 dxe5 15.
b4 Ng5 16. c5 Ne6 17. Bc4 Bg5 18. Bxg5 Qxg5 19. Kh2 Nf4 20. Rf2 Be6 21. Bxe6
Nxe6 22. Rf5 Qe3 23. Rf3 Qg5 24. Rf5 Qe7 25. Rf2 Nd4 26. Rd2 Rad8 27. Rbb2 Rd7
28. Ne2 Rfd8 29. a3 Qg5 30. Nxd4 Rxd4 31. Rxd4 exd4 32. Qd3 Qf4+ 33. g3 Qe5 34.
Rf2 Re8 35. Rd2 Rd8 36. a4 g6 37. Qxa6 Qxe4 38. Qd3 Qd5 39. a5 Re8 40. a6 Re1
41. Rg2 Ra1 42. g4 Kg7 43. h4 Qe5+ 44. Qg3 Qe4 45. g5 hxg5 46. hxg5 d3 47. Qf2
Rxa6 48. Qf6+ Kg8 49. b5 Qh4+ 50. Kg1 Qe1+ 51. Kh2 Ra4 52. Rf2 Qe8 53. bxc6 Ra6
54. Qd4 Rxc6 55. Rd2 Qe7 56. Rxd3 Rxc5 57. Rh3 Qe2+ 0-1

[Event "26th WSCC 2016 Women 65+"]
[Site "Marianske Lazne, Czech Republic - Hotel Cristal"]
[Date "2016.11.24"]
[Round "5.1"]
[White "Sorokina, Tamara"]
[Black "Khmiadashvili, Tamar"]
[Result "1/2-1/2"]
[WhiteElo "2080"]
[BlackElo "1971"]
[PlyCount "33"]
[EventDate "2016.11.19"]

1. Nf3 c6 2. d4 d5 3. Bf4 Bf5 4. e3 e6 5. Bd3 Bg6 6. Ne5 Nd7 7. Nxg6 hxg6 8.
Nd2 g5 9. Bg3 Be7 10. c3 f5 11. f3 Ngf6 12. Qe2 Kf7 13. O-O-O b5 14. e4 f4 15.
Bf2 Nb6 16. Kb1 Nc4 17. Rde1 1/2-1/2

[Event "26th WSCC 2016 Women 65+"]
[Site "Marianske Lazne, Czech Republic - Hotel Cristal"]
[Date "2016.11.24"]
[Round "5.3"]
[White "Tsifanskaya, Ludmila A"]
[Black "Fatalibekova, Elena"]
[Result "0-1"]
[WhiteElo "2104"]
[BlackElo "2269"]
[PlyCount "102"]
[EventDate "2016.11.19"]

1. Nf3 Nf6 2. g3 d5 3. Bg2 c6 4. O-O Bg4 5. Ne5 Bh5 6. c4 Nbd7 7. Nxd7 Qxd7 8.
cxd5 cxd5 9. d3 e6 10. Bg5 Be7 11. Nc3 O-O 12. Re1 h6 13. Bxf6 Bxf6 14. Qb3
Rac8 15. h3 b6 16. Rac1 d4 17. Ne4 Be7 18. g4 Bg6 19. Nd2 Bg5 20. Rxc8 Rxc8 21.
Nf3 Bf4 22. a4 Rc5 23. Ra1 h5 24. Nh4 Bh7 25. Bf3 Bc7 26. a5 b5 27. Bg2 hxg4
28. hxg4 Rg5 29. Rc1 Bf4 30. Rc2 Bg6 31. Nxg6 Rxg6 32. Rc5 a6 33. Qc2 Rxg4 34.
Rc8+ Kh7 35. Qc6 Qe7 36. Kf1 Qg5 37. Rf8 Bd6 38. Rc8 Qd2 39. Qc2 Qxa5 40. Qd1
Rg5 41. Be4+ f5 42. Qc1 Rg6 43. Bg2 b4 44. e4 dxe3 45. Qxe3 Qa4 46. Bf3 Qb3 47.
Rc6 Bh2 48. Qd2 Rg1+ 49. Ke2 Rb1 50. Rc2 Bf4 51. Qxf4 Qxc2+ 0-1

[Event "26th WSCC 2016 Women 65+"]
[Site "Marianske Lazne, Czech Republic - Hotel Cristal"]
[Date "2016.11.24"]
[Round "5.4"]
[White "Pribylova, Ruzena"]
[Black "Ristoja, Aulikki"]
[Result "1/2-1/2"]
[WhiteElo "1911"]
[BlackElo "1670"]
[PlyCount "52"]
[EventDate "2016.11.19"]

1. e4 d5 2. exd5 Qxd5 3. Nc3 Qa5 4. d4 Nf6 5. Nf3 Bf5 6. Bc4 e6 7. O-O c6 8. a3
Bd6 9. Bg5 Qc7 10. Qe2 Bg4 11. h3 Bxf3 12. Qxf3 Nbd7 13. Rfe1 O-O 14. Rad1 h6
15. Bh4 g5 16. Bg3 Bxg3 17. fxg3 Kg7 18. Bd3 Qd6 19. Qf2 Rad8 20. g4 Nb6 21.
Bf1 Nbd5 22. Nxd5 exd5 23. Bd3 Rfe8 24. Qf5 Re6 25. Re5 Rde8 26. Rde1 b6
1/2-1/2

[Event "26th WSCC 2016 Women 65+"]
[Site "Marianske Lazne, Czech Republic - Hotel Cristal"]
[Date "2016.11.24"]
[Round "5.5"]
[White "Kabanova, Irina"]
[Black "Modrova, Hana"]
[Result "1/2-1/2"]
[WhiteElo "1834"]
[BlackElo "1842"]
[PlyCount "25"]
[EventDate "2016.11.19"]

1. e4 d6 2. d4 Nf6 3. Nc3 c6 4. h3 e5 5. dxe5 dxe5 6. Qxd8+ Kxd8 7. Bg5 Bd6 8.
a3 Nbd7 9. Be2 Kc7 10. Nf3 Ne8 11. O-O-O f6 12. Be3 Bc5 13. Bxc5 1/2-1/2